000 00503nam a2200193Ia 4500
003 GCL
008 140319s9999 xx 000 0 eng d
020 _a9747162601
040 _aGCL /
_cGCL
082 0 4 _a641.35
_bH V
100 1 _aHONGWIWAT,NIDDA
245 1 0 _aVEGETABLE AND FRUIT CARVING /
_cHONGWIWAT,NIDDA
260 _aتايلانــد :
_bSANGDAD BOOKS ،
_c1999
300 _a32 CM ؛
_c190 P
650 0 4 _aFRUIT
650 0 4 _aVEGETABLES
650 0 4 _aFRUIT - THAILAND
942 _2ddc
_cBK
999 _c5901
_d5901